| 000 | 00722nam a2200229 a 4500 | ||
|---|---|---|---|
| 999 |
_c11428 _d11428 |
||
| 001 | 11428 | ||
| 003 | BD-JhCC | ||
| 005 | 20221124134023.0 | ||
| 008 | 190612b 2008bg |||| ||a| 000 0 ben d | ||
| 020 | _a9847016200069 | ||
| 035 | _a(BD-JhCC)11428 | ||
| 040 |
_aBD-JhCC _dBD-JhCC |
||
| 041 | _aben | ||
| 082 |
_a891.443 _bKAM 2008 |
||
| 100 | _aকামাল, মোস্তফা | ||
| 245 |
_aভালোভাসা সমগ্র / _c মোস্তফা কামাল । |
||
| 260 |
_aঢাকা: _bপার্ল পাবলিকেশন্স; _c২০০৮. |
||
| 300 |
_a৪৩.১ পৃ. : _c২২ সেমি. |
||
| 650 | _aNovel | ||
| 942 |
_2ddc _cBK _016 |
||